000 01064cam a2200289 a 4500
001 2885720
003 ARRUPE
005 20220520090126.0
008 860521s1986 enka br 001 0 eng
010 _a 86162487
020 _a0902993135 (pbk.)
040 _aDLC
_cDLC
_dDLC
043 _af------
050 0 0 _aZ7164.F7
_bS43 1986
_aHC800.Z9F3
082 0 0 _a016.3638/096
_219
100 1 _aSeeley, J. A.
_951727
245 1 0 _aFamine in Africa :
_ba guide to bibliographies and resource centres /
_ccompiled by J.A. Seeley.
260 _aCambridge, England :
_bAfrican Studies Centre, University of Cambridge,
_c1986.
300 _ax, 86 p. :
_bill. ;
_c23 cm.
440 0 _aCambridge African occasional papers ;
_vno. 1
_951728
500 _aIncludes indexes.
650 0 _aFamines
_zAfrica
_xBibliography of bibliographies.
_951729
650 0 _aFamines
_zAfrica
_xPeriodicals
_xBibliography.
_951730
650 0 _aFamines
_zAfrica
_xInformation services
_xDirectories.
_951731
906 _a7
_bcbc
_corignew
_d2
_encip
_f19
_gy-gencatlg
942 _2lcc
_cMONOGRAPH
999 _c131481
_d131481